00746nam a2200253 a 4500001001300000003000900013005001700022008004100039020000900080082001900089100002700108245004400135260004200179300000900221500003500230505001000265650001700275650002600292700002700318902000800345942000700353952011700360999001500477nice12345678IN_TiNIC20260116011745.0050524s1979 dela grp 000 0 eng  ac8000a954.54918bFRE aFredunbeg, M Kalichbeg aChachnamahb an Ancient History of Sind aDelhibIdara-I-Adabiyat-I-Dillic1979 a207p aincludes index and biblioraphy2 aIndex aSind-History aIndia-History Ancient1 aFredunbeg, M Kalichbeg bSRS cBK 001040708StackRoom-aHMIbHMId2007-04-10g80.00l0o954.54918 FREp09666r2007-04-10v80.00w2005-05-24yBK c3739d3739